First Things First Student's Book An Integrated Course for Beginners

Saved in:
Bibliographic Details
Main Author: Alexander, L.G
Format: Book
Language:English
Published: London Longman 1983
Edition:1. ed.
Tags: Add Tag
No Tags, Be the first to tag this record!

MARC

LEADER 00000nam a2200000 4500
001 c035428
005 20221220090546.8
041 0 |a eng 
044 |a GB 
245 1 0 |a First Things First  |b Student's Book An Integrated Course for Beginners  |c L.G. Alexander 
250 |a 1. ed. 
264 1 |a London  |b Longman  |c 1983 
300 |a 146 s. 
100 1 |a Alexander, L.G.